| 000 | 00683nam a2200229 u 4500 | ||
|---|---|---|---|
| 001 | 000020250 | ||
| 003 | DO-SdBNP | ||
| 005 | 20150619094414.0 | ||
| 008 | 100802s2006 dr a r 000 j spa d | ||
| 040 |
_aBPJMB _bspa _cBPJMB |
||
| 092 | _aRD863.44 | ||
| 100 | 1 |
_aBosch, Juan, _bB742p _d1909-2001 |
|
| 245 | 1 | 0 |
_aPalabras de Juan Bosch : _bcuentos / _cJuan Bosch. |
| 260 |
_aSanto Domingo : _bFundación Juan Bosch, _c2006. |
||
| 300 |
_a17 p. : _bil. ; _c19 cm. |
||
| 500 | _aIncluye CD. | ||
| 650 | 4 | _aCUENTOS DOMONICANOS | |
| 650 | 4 | _aLITERATURA DOMINICANA | |
| 942 |
_2ddc _cBK |
||
| 956 |
_aTMEREDITH _b10 _c20100802 _lBND02 _h1223 |
||
| 956 |
_aTMEREDITH _b10 _c20100802 _lBND02 _h1231 |
||
| 999 |
_c7921 _d7921 |
||